|
|
|
|
| LEADER |
00000nam0a2200000 4500 |
| 001 |
370857 |
| 005 |
20231102012324.0 |
| 035 |
|
|
|a (RuTPU)RU\TPU\retro\28266
|
| 035 |
|
|
|a RU\TPU\retro\28265
|
| 090 |
|
|
|a 370857
|
| 100 |
|
|
|a 20220810d1957 k y0rusy50 ca
|
| 101 |
0 |
|
|a rus
|
| 102 |
|
|
|a RU
|
| 105 |
|
|
|a a z 001zy
|
| 200 |
1 |
|
|a Условия минералообразования в некоторых водно-силикатных системах при высоких давлениях и температурах
|f И. А. Островский
|g Академия наук СССР (АН СССР), Институт геологии рудных месторождений, петрографии, минералогии и геохимии (ИГЕМ) ; гл. ред. Д. С. Коржинский
|
| 210 |
|
|
|a Москва
|c Изд-во АН СССР
|d 1957
|
| 215 |
|
|
|a 39 с.
|c ил.
|
| 225 |
1 |
|
|a Труды института геологии рудных месторождений, петрографии, минералогии и геохимии
|v Вып. 9
|
| 320 |
|
|
|a Библиогр.: с. 37-38
|
| 606 |
1 |
|
|a Минералообразование
|x Исследование
|2 stltpush
|3 (RuTPU)RU\TPU\subj\43924
|9 63342
|
| 610 |
1 |
|
|a методика
|
| 610 |
1 |
|
|a аппаратура
|
| 610 |
1 |
|
|a водно-силикатные системы
|
| 610 |
1 |
|
|a высокое давление
|
| 610 |
1 |
|
|a высокая температура
|
| 610 |
1 |
|
|a таблицы
|
| 610 |
1 |
|
|a опыты
|
| 675 |
|
|
|a 552.08
|v 4
|
| 700 |
|
1 |
|a Островский
|b И. А.
|g Игорь Алексеевич
|
| 702 |
|
1 |
|a Коржинский
|b Д. С.
|c российский геолог
|f 1899-1985
|g Дмитрий Сергеевич
|2 stltpush
|3 (RuTPU)RU\TPU\pers\11284
|4 651
|9 2504
|
| 712 |
0 |
2 |
|a Академия наук СССР (АН СССР)
|b Институт геологии рудных месторождений, петрографии, минералогии и геохимии (ИГЕМ)
|c (Москва)
|2 stltpush
|3 (RuTPU)RU\TPU\col\11398
|
| 801 |
|
1 |
|a RU
|b 63413507
|c 20150615
|
| 801 |
|
2 |
|a RU
|b 63413507
|c 20220810
|g RCR
|
| 942 |
|
|
|c BK
|